[Event "FIDE-Online-Steinitz-Memorial-Women"]
[White "Lei, Tingjie"]
[Black "Paehtz, Elisabeth"]
[Site "Internet"]
[Round "8"]
[Annotator "TA"]
[Result "1/2-1/2"]
[Date "2020.05.16"]
[WhiteElo "2530"]
[BlackElo "2396"]
[PlyCount "63"]

1. d4 {} e6 2. e4 d5 3. Nc3 Nf6 4. Bg5 dxe4 5. Nxe4 Be7 6. Bxf6 gxf6 7. Nf3 a6 8. Qd2 f5 {C13: French: Classical System: 4 Bg5 Be7, Alekhine-Chatard Attack.} 9. Nc3 b5 {} 10. 0-0-0 b4 11. Na4 Bb7 {[#]} 12. Kb1 $146 (12. Bc4 $14 )({Predecessor:} 12. Qe3 Qd5 13. Nc5 Bc6 14. b3 Bb5 15. a4 Bxf1 16. Rhxf1 Nc6 17. Rfe1 Rg8 18. g3 {1/2-1/2 (39) Muzychuk,A (2540)-Drozdovskij,Y 
(2607) Neustadt an der Weinstrasse 2009} )Bd5 13. Nc5 (13. Ne5 $14 )Nd7 ({Better is} 13... Bxf3 $1 $15 14. gxf3 Bxc5 15. dxc5 Qxd2 16. Rxd2 Ke7 )14. Nd3 a5 15. Nf4 $36 { White has good play.} Nb6 16. Ne5 Bg5 ({
Black should play} 16... c6 $14 )17. Bb5+ $16 Kf8 18. h4 Bxf4 19. Qxf4 h5 20. Rh3 Bxa2+ (20... c6 $16 {was worth a try.} 21. Bxc6 (21. Nxc6 Qd7 $14 )Rc8 )21. Kxa2 $18 Qd5+ 22. Kb1 {Hoping for Bc6.} Qxb5 {[#]} 23. Qg5 $2 ({
Only move:} 23. d5 $1 $18 {} Nxd5 24. Qg5 )Nd5 $1 $11 {
 The position is equal.} ({Not} 23... Qe2 $2 24. Rc1 $18 )24. Rg3 {Strongly threatening Qg7+.} Nc3+ $1 { Double
Attack} 25. Kc1 Ne2+ { Double Attack} 26. Kb1 {Qf6! is the strong
threat.} Nxg3 {[#]} 27. Qf6 $1 {} Rh7 {And now
...Kg8 would win.} 28. Ng6+ Kg8 29. Ne7+ Kf8 30. Ng6+ $1 Kg8 31. Ne7+ Kf8 32. Ng6+ $1 {Accuracy: White = 72%, Black = 54%.} 1/2-1/2

[Event "FIDE-Online-Steinitz-Memorial-Women"]
[White "Tan, Zhongyi"]
[Black "Cori T., Deysi"]
[Site "Internet"]
[Round "8"]
[Annotator "ChessBase"]
[Result "1-0"]
[Date "2020.05.16"]
[WhiteElo "2510"]
[BlackElo "2391"]
[PlyCount "145"]
[TimeControl "180+2"]

1. d4 Nf6 2. c4 {[%emt 0:0:4]} e6 {[%emt 0:0:4]} 3. Nc3 {[%emt 0:0:1]} Bb4 {[%emt 0:0:1]} 4. Qc2 {[%emt 0:0:1]} d5 {[%emt 0:0:1]} 5. cxd5 {[%emt 0:0:2]
} Qxd5 {[%emt 0:0:2]} 6. e3 {[%emt 0:0:15]} c5 {[%emt 0:0:18]
} 7. Bd2 {[%emt 0:0:1]} Bxc3 {[%emt 0:0:3]} 8. Bxc3 {[%emt 0:0:1]} Nc6 {[%emt 0:0:8]
} 9. Nf3 {[%emt 0:0:29]} 0-0 {[%emt 0:0:14]} 10. dxc5 {[%emt 0:0:0]} Qxc5 {[%emt 0:0:4]} 11. Bd3 {[%emt 0:0:3]} Nb4 {[%emt 0:0:19]} 12. Bxb4 {[%emt 0:0:13]} Qxb4+ {[%emt 0:0:1]} 13. Qd2 {[%emt 0:0:2]} Nd5 {[%emt 0:0:58]
} 14. Rc1 {[%emt 0:0:25]} Rd8 {[%emt 0:0:13]} 15. Qxb4 {[%emt 0:0:13]
} Nxb4 {[%emt 0:0:1]} 16. Bb1 {[%emt 0:0:4]} b6 {[%emt 0:0:0]} 17. Nd4 {[%emt 0:0:9]} Ba6 {[%emt 0:0:5]} 18. a3 {[%emt 0:0:7]} Nd3+ {[%emt 0:0:2]} 19. Bxd3 {[%emt 0:0:3]} Bxd3 {[%emt 0:0:0]} 20. Rc3 {[%emt 0:0:14]
} Ba6 {[%emt 0:0:3]} 21. f4 {[%emt 0:0:11]} Rac8 {[%emt 0:0:0]} 22. Rxc8 {[%emt 0:0:12]} Rxc8 {[%emt 0:0:3]} 23. Kd2 {[%emt 0:0:1]} Bb7 {[%emt 0:0:4]} 24. Rg1 {[%emt 0:0:2]} Bd5 {[%emt 0:0:14]} 25. g3 {[%emt 0:0:2]
} Kf8 {[%emt 0:0:10]} 26. Kd3 {[%emt 0:0:7]} Ke7 {[%emt 0:0:0]} 27. e4 {[%emt 0:0:2]} Bc4+ {[%emt 0:0:1]} 28. Ke3 {[%emt 0:0:2]} Ba6 {[%emt 0:0:2]} 29. Rd1 {[%emt 0:0:1]} f6 {[%emt 0:0:2]} 30. Rd2 {[%emt 0:0:0]} Rc1 {[%emt 0:0:6]} 31. Nb3 {[%emt 0:0:6]} Rb1 {[%emt 0:0:3]} 32. Nd4 {[%emt 0:0:2]} Re1+ {[%emt 0:0:2]} 33. Kf3 {[%emt 0:0:3]} Bb7 {[%emt 0:0:2]
} 34. Re2 {[%emt 0:0:3]} Rd1 {[%emt 0:0:2]} 35. Ke3 {[%emt 0:0:0]} Ba6 {[%emt 0:0:5]} 36. Rc2 {[%emt 0:0:2]} Re1+ {[%emt 0:0:2]} 37. Kf3 {[%emt 0:0:1]} Kd7 {[%emt 0:0:3]} 38. Rd2 {[%emt 0:0:5]} Rf1+ {[%emt 0:0:4]
} 39. Ke3 {[%emt 0:0:2]} Re1+ {[%emt 0:0:1]} 40. Kf3 {[%emt 0:0:2]
} Rf1+ {[%emt 0:0:3]} 41. Kg2 {[%emt 0:0:1]} Rb1 {[%emt 0:0:0]} 42. e5 {[%emt 0:0:4]} Bb7+ {[%emt 0:0:2]} 43. Kf2 {[%emt 0:0:1]} Ke7 {[%emt 0:0:1]} 44. exf6+ {[%emt 0:0:5]} gxf6 {[%emt 0:0:3]} 45. Re2 {[%emt 0:0:1]
} Bd5 {[%emt 0:0:1]} 46. Nf5+ {[%emt 0:0:3]} Kf7 {[%emt 0:0:0]} 47. Ne3 {[%emt 0:0:1]} Be4 {[%emt 0:0:3]} 48. Nc4 {[%emt 0:0:3]} Bd3 {[%emt 0:0:1]} 49. Rd2 {[%emt 0:0:2]} Bxc4 {[%emt 0:0:2]} 50. Rd7+ {[%emt 0:0:2]
} Kg6 {[%emt 0:0:1]} 51. b4 {[%emt 0:0:1]} Rb2+ {[%emt 0:0:0]} 52. Ke3 {[%emt 0:0:1]} Rb3+ {[%emt 0:0:1]} 53. Kd4 {[%emt 0:0:2]} Bd5 {[%emt 0:0:3]} 54. Rxa7 {[%emt 0:0:2]} h5 {[%emt 0:0:1]} 55. Ra6 {[%emt 0:0:5]
} b5 {[%emt 0:0:2]} 56. Kc5 {[%emt 0:0:3]} Bc4 {[%emt 0:0:0]} 57. a4 {[%emt 0:0:2]} Ra3 {[%emt 0:0:3]} 58. Ra5 {[%emt 0:0:4]} Be2 {[%emt 0:0:4]} 59. axb5 {[%emt 0:0:2]} Rc3+ {[%emt 0:0:1]} 60. Kd6 {[%emt 0:0:2]
} Bg4 {[%emt 0:0:5]} 61. b6 {[%emt 0:0:1]} Rd3+ {[%emt 0:0:0]} 62. Kc7 {[%emt 0:0:2]} Bf3 {[%emt 0:0:1]} 63. b7 {[%emt 0:0:2]} Bxb7 {[%emt 0:0:2]} 64. Kxb7 {[%emt 0:0:1]} Rd2 {[%emt 0:0:1]} 65. b5 {[%emt 0:0:2]
} Rxh2 {[%emt 0:0:1]} 66. b6 {[%emt 0:0:1]} Rb2 {[%emt 0:0:0]} 67. Kc7 {[%emt 0:0:2]} h4 {[%emt 0:0:4]} 68. gxh4 {[%emt 0:0:2]} Rb4 {[%emt 0:0:1]} 69. h5+ {[%emt 0:0:2]} Kh6 {[%emt 0:0:2]} 70. b7 {[%emt 0:0:0]} Rxb7+ {[%emt 0:0:2]} 71. Kxb7 {[%emt 0:0:1]} e5 {[%emt 0:0:2]} 72. fxe5 {[%emt 0:0:2]} fxe5 {[%emt 0:0:1]} 73. Rxe5 {[%emt 0:0:2]} 1-0

[Event "FIDE-Online-Steinitz-Memorial-Women"]
[White "Stefanova, Antoaneta"]
[Black "Kosteniuk, Alexandra"]
[Site "Internet"]
[Round "8"]
[Annotator "TA"]
[Result "1-0"]
[Date "2020.05.16"]
[WhiteElo "2485"]
[BlackElo "2521"]
[PlyCount "143"]

1. d4 {} Nf6 2. Nf3 b6 3. e3 e6 4. Bd3 Bb7 5. 0-0 d5 6. c4 dxc4 7. Bxc4 a6 8. Nc3 b5 9. Be2 Nbd7 {D26: Queen's
Gambit Accepted: 4 e3 e6 5 Bxc5 c5 sidelines.} 10. a3 c5 11. dxc5 {11.b4
deserves study.} Nxc5 {The position is equal.} 12. b4 Nce4 (12... Qxd1 {
is more complex.} 13. Rxd1 Nb3 14. Rb1 Nxc1 15. Rbxc1 Be7 )13. Nxe4 Bxe4 (13... Nxe4 {with more complications.} 14. Bb2 Bd6 15. a4 0-0 16. axb5 axb5 17. Rxa8 Bxa8 18. Qd4 Qf6 )14. Qxd8+ Rxd8 15. Bb2 Bd6 {[#]} 16. a4 $146 ({Predecessor:} 16. Rac1 0-0 17. Rfd1 Bd5 18. Nd2 Nd7 19. Bf3 Bxf3 20. Nxf3 Nb6 21. Be5 Be7 22. Rxd8 Rxd8 23. Bd4 {1/2-1/2 (55) Mercado Larrea,A (1936)-Navarro Lopez Menchero,
D (2318) Linares 2013} )Bxb4 (16... 0-0 $11 {keeps the balance.} )17. axb5 $16 axb5 (17... a5 $16 )18. Bxb5+ $18 Kf8 19. Ne5 Rb8 20. Bc6 {Strongly
threatening Bxe4.} Bd6 {[#]} 21. Bxe4 $1 Rxb2 22. Nc4 $1 {
 Double Attack} Nxe4 23. Nxb2 {Ra8+ is the strong threat.} Ke7 24. Ra7+ Kf6 25. Nc4 {Threatens to win with f3.} Bb8 26. Rb7 Nc5 27. Rb5 Ne4 28. f3 Nc3 29. Rb3 Nd5 30. e4 Ba7+ 31. Kh1 Nf4 32. g3 Ne2 33. Rb7 Bc5 34. Rc7 Bd4 {[#]
} 35. e5+ $1 Kg6 (35... Bxe5 36. Nxe5 )36. Re1 Nc3 37. Nd6 f6 (37... h5 $142 38. Rc4 Bb6 39. Rxc3 Ba5 )38. exf6 Bxf6 39. Rxe6 Nd5 40. Rc4 {Hoping for Rg4+.} Ra8 (40... h6 $142 41. Rc5 Nb4 )41. Rg4+ Kh5 42. Nf5 {h4 would kill now.} g6 43. Ne3 Ra1+ 44. Kg2 Nxe3+ 45. Rxe3 { Endgame KRR-KRB} Ra2+ 46. Kh3 Rf2 (46... g5 $18 47. Rb4 Ra6 )47. Ra4 (47. Rf4 $142 Bg5 {[#]} 48. Re5 $1 {
} Kh6 49. Rf7 Rd2 50. Rb5 Bd8 51. Rbb7 g5 52. Rxh7+ Kg6 53. Kg4 )Bg5 (47... g5 $18 48. g4+ Kg6 )48. f4 Bd8 49. g4+ Kh6 50. Kg3 Rf1 51. Ra6 (51. Ra7 $142 Rg1+ 52. Kf3 )Rb1 52. f5 Bc7+ 53. Kf3 Bxh2 54. fxg6 hxg6 55. Ree6 Rb3+ 56. Ke2 Kg5 57. Rxg6+ Kh4 58. Rh6+ $2 (58. Ra5 $18 )Kg3 $2 {} (58... Kxg4 $14 59. Rh8 Bg3 )59. g5 {White mates.} Rb2+ 60. Kd3 Rb5 61. g6 Rg5 62. Ke4 Bg1 63. Rh7 Rg4+ 64. Kf5 Rf4+ 65. Ke6 Bd4 66. Ra3+ Kg2 67. g7 Rg4 68. Kf7 Rf4+ 69. Kg8 Rg4 70. Ra4 Kf3 {[#]} 71. Rxd4 $1 {
Promotion} Rxd4 72. Kh8 {Black got outplayed after the opening. Accuracy:
White = 74%, Black = 54%.} 1-0

[Event "FIDE-Online-Steinitz-Memorial-Women"]
[White "Khademalsharieh, Sarasadat"]
[Black "Sebag, Marie"]
[Site "Internet"]
[Round "8"]
[Annotator "TA"]
[Result "1/2-1/2"]
[Date "2020.05.16"]
[WhiteElo "2431"]
[BlackElo "2482"]
[PlyCount "127"]

1. Nf3 {} d5 2. c4 c6 3. e3 Nf6 4. b3 e6 5. Bb2 Bd6 6. d4 {A06: Réti
Opening: 1 Nf3 d5.} 0-0 7. Bd3 Nbd7 8. 0-0 {White is slightly better.} b6 9. Nc3 Bb7 10. Qe2 Qe7 11. Rac1 Rad8 12. Rfd1 Rfe8 {[#]} 13. e4 $146 ({
Predecessor:} 13. Rc2 h6 14. e4 e5 15. dxe5 Nxe5 16. cxd5 Nxf3+ 17. Qxf3 cxd5 18. Nxd5 Nxd5 19. exd5 Bxd5 {1-0 (26) Schenk,A (2455)-Werner,M (2364) Germany
2002} )dxe4 14. Nxe4 Nxe4 15. Bxe4 Nf6 16. Bb1 c5 17. dxc5 Bxc5 18. Ne5 Rxd1+ 19. Rxd1 Rd8 20. Rxd8+ Qxd8 21. Qd3 (21. Bc3 {seems wilder.} Qc7 22. Bd3 Qd6 23. Bc2 h6 24. h3 )Qc7 22. Qe2 h6 23. Nd3 Be7 24. f3 Qd8 25. Ne5 Bc5+ 26. Kf1 Qc7 27. Qd3 h5 (27... Kf8 {is more complex.} 28. Bd4 Bd6 29. Qc3 Qe7 30. Bc2 Kg8 )28. Qd2 Qd6 29. Qxd6 Bxd6 30. h3 Kf8 31. Bc3 Ke7 32. Ke2 a6 33. b4 g6 34. a3 Nd7 35. Nxd7 Kxd7 $11 { Endgame KBB-KBB} 36. Bd4 Kc7 37. c5 bxc5 38. bxc5 Be7 39. Ke3 Bd5 40. Bd3 a5 41. Bb5 g5 42. a4 f6 43. Ke2 e5 44. Be3 f5 45. Bd2 Bxc5 46. Bxa5+ Bb6 47. Bxb6+ Kxb6 {KB-KB} 48. g3 f4 49. Kf2 $2 {
Black continues to play with concentration.} (49. h4 $11 )h4 $1 $19 {
} 50. gxh4 $2 (50. g4 {was the only chance.} )gxh4 51. Ke2 Kc5 52. Bd7 Kb4 (52... Bc4+ $142 53. Kf2 Kd6 )53. Be8 $2 (53. Kf2 )Bc4+ (53... Be6 $142 54. Kf2 Bxh3 )54. Kd2 Be6 55. Kd3 Bf5+ 56. Ke2 Bxh3 57. Kf2 Bf5 58. Kg2 Be6 59. Kh2 Bd5 $2 (59... Kc5 $19 {White must now prevent ...Bb3.} 60. Kg2 Bb3 )60. Kg2 $2 { [#]} (60. Bh5 $17 )Bb7 $2 (60... h3+ $1 $19 { and Black stays clearly on top.} 61. Kxh3 Bxf3 )61. Kf2 $2 {
} (61. Bd7 $17 )Bd5 62. Kg2 $1 {[#]} Ba8 $2 (62... h3+ $1 $19 {} 63. Kxh3 Bxf3 )63. Kf2 $2 (63. Bh5 $17 )Bd5 (63... h3 $142 64. Bh5 e4 65. fxe4 Bxe4 )64. Kg2 $1 { Accuracy: White = 71%,
Black = 75%. . An unexpected result.} 1/2-1/2

[Event "FIDE-Online-Steinitz-Memorial-Women"]
[White "Kosteniuk, Alexandra"]
[Black "Lagno, Kateryna"]
[Site "Internet"]
[Round "9"]
[Annotator "TA"]
[Result "1/2-1/2"]
[Date "2020.05.16"]
[WhiteElo "2521"]
[BlackElo "2608"]
[PlyCount "134"]

1. e4 {} e5 2. Nf3 Nc6 3. Bc4 Bc5 4. d3 Nf6 5. a4 a6 6. a5 {C50: Hungarian Defence and Giuoco Pianissimo.} d6 7. c3 Ba7 8. 0-0 h6 9. Re1 0-0 10. Be3 Bxe3 11. Rxe3 {[#]} Ne7 $146 {
} ({Predecessor:} 11... d5 12. exd5 Nxd5 13. Re1 Nf4 14. g3 Nh3+ 15. Kg2 Bg4 16. Nbd2 Qd7 17. Re3 Kh8 {1/2-1/2 (56) Kosteniuk,A (2483)-Stefanova,A 
(2476) Xian 2019} )12. d4 Ng6 13. Nbd2 Qe7 14. Bb3 Nf4 15. Bc2 Bg4 16. Qf1 c5 (16... Bd7 $11 )17. dxe5 dxe5 18. Nc4 Nd7 19. Rd1 Rad8 20. h3 Bxf3 (20... Be6 $1 $11 {keeps the balance.} )21. Rxf3 $16 Nf6 22. g3 Rxd1 23. Bxd1 Ng6 24. Bc2 Rd8 (24... Qc7 $142 )25. Rd3 h5 (25... Rxd3 $16 26. Qxd3 Qe6 )26. Ne3 (26. Rxd8+ $18 Qxd8 27. Qd3 )h4 $14 27. Nf5 (27. Kg2 $16 {keeps the pressure on.} )Qf8 (27... Qc7 $17 )28. Qd1 Rxd3 29. Qxd3 hxg3 30. fxg3 Ne7 31. Nd6 $36 {
 White fights for an advantage.} Qd8 $2 ({Black should play} 31... Qb8 $14 )32. Nxb7 $18 Qf8 $2 (32... Qc8 )33. Qd8 (33. Kg2 $142 )Ne8 $2 (33... Qxd8 34. Nxd8 c4 )34. Nxc5 Nc6 35. Qd5 Nxa5 36. b4 Nf6 37. Qxe5 Nc4 38. Qd4 Qb8 39. Kg2 ({And not} 39. Qxc4 Qxg3+ 40. Kf1 Qxh3+ 41. Ke1 Qg3+ 42. Kd1 Qg1+ 43. Ke2 Qg2+ 44. Kd3 Qg3+ 45. Ke2 Qg2+ 46. Kd3 Qg3+ 47. Ke2 Qg2+ $11 )Ne5 40. Nxa6 Qe8 $2 (40... Qb5 {keeps fighting.} )41. Nc7 Qe7 42. Nd5 Nxd5 43. exd5 Nd7 44. Qe4 {[#] White wants to mate with Qh7+.} Qf6 45. Qe8+ Nf8 46. Qe3 g6 47. b5 Qd6 48. Qd4 Nd7 49. h4 Qe7 50. Qe4 Qc5 51. c4 Nb6 52. h5 Nxc4 (52... gxh5 $142 53. Bd3 Kf8 )53. hxg6 $2 (53. Qe8+ Qf8 54. Qxf8+ Kxf8 55. hxg6 )Ne3+ $2 (53... Nd6 54. gxf7+ Kf8 )54. Kf3 Nxc2 55. gxf7+ $2 ({Only
move:} 55. Qe8+ $18 Qf8 56. gxf7+ Kg7 57. b6 )Kxf7 $11 {The position is
equal.} 56. Qe6+ Kf8 57. Qf6+ Ke8 58. Qc6+ Qxc6 59. bxc6 { Endgame
KN-K3P} Ke7 60. Ke4 {[#] Ke5 is the strong threat.} Kd6 61. g4 Nb4 62. g5 Nxd5 63. g6 Ne7 64. g7 Kxc6 65. Ke5 Kd7 66. Kf6 Ke8 67. Ke6 Ng8 {Black defended
with fortune. Accuracy: White = 68%, Black = 54%.} 1/2-1/2

[Event "FIDE-Online-Steinitz-Memorial-Women"]
[White "Sebag, Marie"]
[Black "Stefanova, Antoaneta"]
[Site "Internet"]
[Round "9"]
[Annotator "TA"]
[Result "1-0"]
[Date "2020.05.16"]
[WhiteElo "2482"]
[BlackElo "2485"]
[PlyCount "73"]

1. e4 {} e5 2. Nf3 Nc6 3. Bb5 a6 4. Ba4 g6 5. c3 Bg7 6. d4 {C70: Ruy Lopez: 3...a6 4 Ba4, Norwegian and Delayed Schliemann.} b5 7. Bb3 {7.Bc2 is the modern continuation. Played by Alexander Morozevich in December
2019.} exd4 8. cxd4 {White is slightly better.} Nge7 (8... Na5 9. d5 Nxb3 10. axb3 d6 11. 0-0 Nf6 12. Re1 0-0 13. Nd4 Re8 14. Nc3 Bb7 15. b4 Qd7 16. Nb3 c6 17. dxc6 Bxc6 18. f3 d5 19. e5 Nh5 20. g4 Bxe5 21. gxh5 Qh3 22. Re2 d4 23. Ne4 Qxf3 24. Nbd2 Qg4+ 25. Kf1 f5 26. Ng3 d3 27. Re1 Qh3+ {0-1 (27) Sebag,M (2443)
-Stefanova,A (2481) Monaco 2019} )9. d5 Na5 $1 10. Bd2 Nxb3 11. axb3 0-0 12. Bc3 f5 13. Bxg7 Kxg7 14. 0-0 fxe4 15. Qd4+ Kg8 16. Qxe4 Bb7 17. Nc3 {[#]} Rf5 $146 {} ({Predecessor:} 17... Nc8 18. Ne5 Qe7 19. Rae1 d6 20. Ng4 Qxe4 21. Rxe4 h5 22. Ne3 Nb6 23. Rd1 Rae8 {1/2-1/2 (42) Sebag,M (2450)
-Goryachkina,A (2564) Skolkovo 2019} )18. Rad1 Qf8 19. Rfe1 $36 {
White fights for an advantage.} Nc8 $1 20. Ne5 Nb6 21. Qd4 b4 22. Na4 Nxd5 $2 {
Black cannot hold the game after this.} (22... d6 $11 {and Black has nothing
to worry.} 23. Nc6 Nxd5 )23. Nxd7 $18 Qf7 24. Nac5 {aiming for Ne5.} Bc6 $2 (24... Re8 25. Rxe8+ Qxe8 )25. Ne5 { [#] Double Attack} Qf6 26. Ncd7 {
 Overworked Piece} Bxd7 (26... Qd6 $142 27. Nxc6 Qxd7 )27. Qxd5+ {
 Double Attack} ({Weaker is} 27. Nxd7 Qxd4 28. Rxd4 Nb6 $16 )Be6 28. Qxa8+ { Double Attack} Kg7 29. Ng4 Qf7 30. Qd8 Rf4 31. Ne5 Qf5 32. Qxc7+ {White mates.} Kh6 33. f3 Bxb3 34. Ng4+ Rxg4 35. fxg4 Qxg4 36. Rd2 Qg5 {
[#]} 37. Qd6 $1 {Accuracy: White = 88%, Black = 61%.} 1-0

[Event "FIDE-Online-Steinitz-Memorial-Women"]
[White "Abdumalik, Zhansaya"]
[Black "Tan, Zhongyi"]
[Site "Internet"]
[Round "9"]
[Annotator "TA"]
[Result "1-0"]
[Date "2020.05.16"]
[WhiteElo "2409"]
[BlackElo "2510"]
[PlyCount "83"]

1. e4 {} e5 2. Nf3 Nc6 3. Bb5 Nf6 4. d3 Bc5 5. Nbd2 0-0 6. Nb3 {[#]
Strongly threatening Bxc6. C65: Ruy Lopez: Berlin Defence (3...Nf6), unusual
lines and 4 0-0 Bc5.} Bd6 7. 0-0 {[#]} Ne7 $146 ({Predecessor:} 7... Re8 8. Re1 a6 9. Bxc6 dxc6 10. Bg5 c5 11. c3 Bg4 12. h3 Bh5 13. Na5 b6 {1-0 (80) Paravyan,
D (2602)-McShane,L (2682) Douglas 2019} )8. d4 {White is slightly better.} Ng6 9. dxe5 Nxe5 $2 (9... Bxe5 $16 10. Nxe5 Nxe5 )10. Nxe5 $18 Bxe5 11. f4 c6 12. fxe5 Qb6+ 13. Qd4 Nxe4 14. Bd3 d5 15. exd6 Nxd6 16. Qxb6 axb6 17. Bf4 Rd8 18. a3 Be6 19. Nd4 Bd5 20. Nf5 Nxf5 21. Bxf5 g6 22. Bd3 b5 23. Rae1 Ra4 24. Rf2 b4 25. axb4 Rxb4 26. Bc7 Rc8 27. Be5 Re8 28. Kf1 Ra4 29. Bf6 {} Rxe1+ 30. Kxe1 Ra1+ 31. Kd2 Rg1 32. g3 Kf8 33. Kc3 Rh1 34. Kb4 b6 35. Bd8 b5 36. Kc5 Ke8 37. Bg5 Rd1 38. Re2+ Kd7 39. Re7+ Kc8 40. Kb6 {Threatening mate with Rc7+.} Rh1 41. Rc7+ Kb8 {[#]} 42. Bf4 $1 {Black did not feel at home in the position
after the opening. Accuracy: White = 87%, Black = 38%.} 1-0

[Event "FIDE-Online-Steinitz-Memorial-Women"]
[White "Paehtz, Elisabeth"]
[Black "Khademalsharieh, Sarasadat"]
[Site "Internet"]
[Round "9"]
[Annotator "ChessBase"]
[Result "0-1"]
[Date "2020.05.16"]
[WhiteElo "2396"]
[BlackElo "2431"]
[PlyCount "60"]
[TimeControl "180+2"]

1. d4 d5 2. Bf4 {[%emt 0:0:5]} Nf6 {[%emt 0:0:4]} 3. e3 {[%emt 0:0:1]} c5 {[%emt 0:0:2]} 4. c3 {[%emt 0:0:6]} Nc6 {[%emt 0:0:2]} 5. Nd2 {[%emt 0:0:0]} cxd4 {[%emt 0:0:4]} 6. exd4 {[%emt 0:0:2]} Bf5 {[%emt 0:0:1]} 7. Ngf3 {[%emt 0:0:2]} e6 {[%emt 0:0:1]} 8. Qb3 {[%emt 0:0:3]} Bd6 {[%emt 0:0:0]} 9. Bg3 {[%emt 0:0:3]} Bxg3 {[%emt 0:0:2]} 10. hxg3 {[%emt 0:0:2]} Qe7 {[%emt 0:0:1]} 11. Bb5 {[%emt 0:0:3]} 0-0 {[%emt 0:0:3]} 12. Bxc6 {[%emt 0:0:6]
} bxc6 {[%emt 0:0:3]} 13. Qa4 {[%emt 0:0:2]} c5 {[%emt 0:0:0]} 14. Qa3 {[%emt 0:0:6]} Rfc8 {[%emt 0:0:9]} 15. Nb3 {[%emt 0:0:3]} Ne4 {[%emt 0:0:1]} 16. 0-0 {[%emt 0:0:14]} Qc7 {[%emt 0:0:5]} 17. Rfe1 {[%emt 0:0:24]
} c4 {[%emt 0:0:3]} 18. Nbd2 {[%emt 0:0:2]} Nxd2 {[%emt 0:0:0]} 19. Nxd2 {[%emt 0:0:2]} h6 {[%emt 0:0:1]} 20. Nf3 {[%emt 0:0:6]} a5 {[%emt 0:0:4]} 21. Qa4 {[%emt 0:0:12]} Rab8 {[%emt 0:0:3]} 22. Re2 {[%emt 0:0:2]
} Rb7 {[%emt 0:0:2]} 23. Ne5 {[%emt 0:0:21]} Rcb8 {[%emt 0:0:0]} 24. Rd1 {[%emt 0:0:14]} f6 {[%emt 0:0:20]} 25. g4 {[%emt 0:0:26]} Bh7 {[%emt 0:0:20]
} 26. Nc6 {[%emt 0:0:8]} Qd7 {[%emt 0:0:4]} 27. Rde1 {[%emt 0:0:8]
} Re8 {[%emt 0:0:45]} 28. b3 {[%emt 0:0:5]} Bd3 {[%emt 0:0:0]} 29. Rd2 {[%emt 0:0:5]} cxb3 {[%emt 0:0:16]} 30. axb3 {[%emt 0:0:4]} Bb5 {[%emt 0:0:2]} 0-1

[Event "FIDE-Online-Steinitz-Memorial-Women"]
[White "Cori T., Deysi"]
[Black "Lei, Tingjie"]
[Site "Internet"]
[Round "9"]
[Annotator "TA"]
[Result "0-1"]
[Date "2020.05.16"]
[WhiteElo "2391"]
[BlackElo "2530"]
[PlyCount "150"]

1. d4 {} Nf6 2. c4 g6 3. Nc3 d5 4. cxd5 Nxd5 5. e4 Nxc3 6. bxc3 Bg7 7. Bg5 {D85: Exchange Grünfeld: Unusual
White 7th moves and lines with 7 Nf3.} 0-0 8. Nf3 h6 9. Be3 {White is slightly
better.} c5 10. Rc1 Qa5 11. Qd2 cxd4 12. cxd4 Qxd2+ 13. Nxd2 Nc6 {[#]} 14. d5 $146 { Black is under pressure.} ({Predecessor:} 14. Nb3 e6 15. Bb5 Rd8 16. Bxc6 bxc6 17. 0-0 Bd7 18. e5 Bf8 19. Rfd1 Kg7 20. g4 {1/2-1/2 (36)
Battey,A (2260)-Bagi,M (2238) Budapest 2011} )Na5 15. Bc5 Bf6 (15... Bd7 $142 )16. f4 Rd8 17. Bb4 b6 18. Rc7 Rd7 19. Rxd7 Bxd7 20. e5 Bg7 21. Ba6 (21. Bxe7 $16 {Hoping for Kf2.} Rc8 22. Kd1 )e6 22. d6 f6 23. Nf3 g5 24. fxg5 (24. 0-0 $16 )hxg5 {[#]} (24... fxg5 $14 25. h3 Nc6 )25. Bc3 $1 $16 fxe5 26. Nxe5 (26. Nxg5 $16 Nc6 27. 0-0 )Nc6 $11 27. Nxd7 Bxc3+ 28. Kf2 (28. Kd1 $1 $11 Rd8 29. Bc4 )Rd8 $15 29. Bb5 (29. Rc1 $15 Rxd7 30. Rxc3 Rxd6 31. Rd3 )Rxd7 $17 30. Bxc6 Rxd6 { Endgame KRB-KRB} 31. Ba4 Rd2+ 32. Kf3 Rxa2 33. Bb3 Rb2 34. Bxe6+ Kg7 35. Rc1 Be5 36. h3 a5 37. Ke4 Bf4 38. Rc6 a4 39. Kf5 Rb5+ 40. Kg4 a3 41. Rc8 (41. h4 $17 )Ra5 (41... Kf6 $19 42. Rc6 Ke7 )42. Ba2 b5 (42... Bd2 $17 43. Rc7+ Kf8 )43. Rc6 (43. h4 $11 {
keeps the balance.} )b4 {White is on the road to losing.} ({Black should
try} 43... Ra4 $17 44. g3 Bd2+ 45. Kf5 b4 )44. Rb6 ({White should play} 44. h4 $15 )Bd2 $19 45. Kh5 (45. g3 {was necessary.} )Rc5 46. g4 (46. g3 $142 )Rc3 {} 47. Rb7+ Kf6 {} 48. Rb6+ Ke5 $2 (48... Ke7 $19 {and Black stays clearly on top. Threatens to win with ...Kd7.} 49. Kg6 Rxh3 )49. Kg6 $2 {} (49. Rb5+ $17 Kf4 50. Rxb4+ Kg3 51. Re4 )Rc2 50. Bb3 Rb2 ({Weaker is} 50... a2 51. Rb5+ Kd4 52. Ra5 $17 )51. Bc4 Kd4 52. Bf7 Be3 53. Rd6+ Kc3 54. Re6 Bf4 55. Rc6+ Kd4 56. Kf5 a2 57. Ra6 b3 {
[#]} 58. h4 $2 (58. Bxb3 $1 {} Rxb3 59. Ra4+ Kc5 60. Ra5+ Kb4 61. Rxa2 Rxh3 62. Rg2 )Rb1 59. Bxb3 a1=Q ({Not} 59... Rxb3 60. hxg5 Ke3 61. Rxa2 $15 )60. Rxa1 Rxa1 61. hxg5 Be3 62. g6 Bh6 63. Kf6 Ra6+ 64. Be6 Ra7 65. Bf7 Ra6+ $2 ({Better is} 65... Ke4 $19 {Strongly threatening ...Ra6+.} 66. g5 Bf8 )66. Ke7 $2 {} (66. Be6 $11 )Bg7 (66... Ke5 $142 {( -> ...
Ra7+)} 67. Kd7 Rd6+ 68. Kc7 Bg7 )67. Be6 (67. Be8 $19 )Ke5 68. Bf5 Ra7+ 69. Ke8 Kf6 70. Kd8 Bf8 (70... Bh6 $142 71. Kc8 Bf4 72. Kd8 Bd2 73. Bd3 Ba5+ 74. Kc8 Rc7+ 75. Kb8 Kg7 76. Bf5 Rc4 77. Be6 Rc1 78. Bd7 Rc3 79. Bf5 Bb6 80. Kb7 Bd8 81. Be4 Rc7+ 82. Kb8 Re7 83. Bf5 Bb6 84. Bd3 Bd4 85. Bf5 Kf6 86. Kc8 Ke5 87. g7 Rxg7 88. Kd8 Kd6 89. Ke8 Be3 90. Kf8 Bh6 91. Bd3 Rxg4+ 92. Kf7 Ke5 93. Bg6 Rg3 94. Bc2 Rg7+ 95. Ke8 Kd6 96. Bd1 Re7+ 97. Kd8 Bg5 98. Bh5 Rh7+ {
 Discovered Attack} 99. Ke8 Rxh5 100. Kf7 Rh6 101. Kf8 Ke6 102. Kg7 Be3 103. Kf8 Rg6 104. Ke8 Rg8# )71. Ke8 (71. Kc8 $19 )Be7 {Black mates.} 72. g7 Kxg7 73. Bd7 Bf6 74. Bf5 Bg5 75. Bd7 Ra8+ {Accuracy: White = 47%, Black
= 72%.} (75... Ra6 $142 76. Bc6 Rxc6 77. Kd7 Rg6 78. Ke8 Kg8 79. Kd7 Kf7 80. Kc8 Ke7 81. Kb8 Kd7 82. Kb7 Bf4 83. Ka8 Kc7 84. Ka7 Be3+ 85. Ka8 Rg8# )0-1